Renewable energy planning statement consultation (Record no. 73750)

MARC details
000 -LEADER
fixed length control field 01576cam a2200253 4500
001 - CONTROL NUMBER
control field WB3942-16
008 - FIXED-LENGTH DATA ELEMENTS--GENERAL INFORMATION
fixed length control field 031105n2003 000 0 eng u
035 ## - SYSTEM CONTROL NUMBER
System control number (Sirsi) u124246
245 ## - TITLE STATEMENT
Title Renewable energy planning statement consultation
260 ## - PUBLICATION, DISTRIBUTION, ETC.
Date of publication, distribution, etc. 2003
490 ## - SERIES STATEMENT
Series statement ODPM News Release
Volume/sequential designation (2003/0230) 5 November 2003 (2)
520 ## - SUMMARY, ETC.
Summary, etc. A new planning statement on renewable energy (PPS22) has been released for public consultation until 30 January 2004. The guidance will cover renewable energy including solar power, wind farms and biofuel. It will assist local planning authorities to take account of the wider and long-term environmental considerations of renewable energy developments, particularly in areas of landscape and environmental sensitivity, as well as the visual impact of new developments. It is intended that PPS22 and the as yet to be drafted companion guide will replace PPG22 (February 1993). The draft PPS22 is available at http://www.odpm.gov.uk/stellent/groups/odpm_planning/documents/page/odpm_plan_025517.hcsp. PPG22 is available at http://www.odpm.gov.uk/stellent/groups/odpm_control/documents/contentservertemplate/odpm_index.hcst?n=3440&l=3. http://www.odpm.gov.uk/pns/DisplayPN.cgi?pn_id=2003_0230
590 ## - LOCAL NOTE (RLIN)
Local note WB
650 ## - SUBJECT ADDED ENTRY--TOPICAL TERM
Topical term or geographic name entry element PLANNING POLICY STATEMENT 22
650 ## - SUBJECT ADDED ENTRY--TOPICAL TERM
Topical term or geographic name entry element PPG22
650 ## - SUBJECT ADDED ENTRY--TOPICAL TERM
Topical term or geographic name entry element SOLAR POWER
650 ## - SUBJECT ADDED ENTRY--TOPICAL TERM
Topical term or geographic name entry element BIOFUEL
650 ## - SUBJECT ADDED ENTRY--TOPICAL TERM
Topical term or geographic name entry element RENEWABLE ENERGY
650 ## - SUBJECT ADDED ENTRY--TOPICAL TERM
Topical term or geographic name entry element GLOBAL WARMING
650 ## - SUBJECT ADDED ENTRY--TOPICAL TERM
Topical term or geographic name entry element CLIMATE CHANGE
650 ## - SUBJECT ADDED ENTRY--TOPICAL TERM
Topical term or geographic name entry element WIND FARMS
690 ## - LOCAL SUBJECT ADDED ENTRY--TOPICAL TERM (OCLC, RLIN)
Topical term or geographic name as entry element ENVIRONMENTAL AND LAND CONSULTANCY-PLANNING AND DEVELOPMENT
942 ## - ADDED ENTRY ELEMENTS (KOHA)
Suppress in OPAC 0
Holdings
Withdrawn status Lost status Source of classification or shelving scheme Damaged status Not for loan Home library Current library Shelving location Date acquired Total Checkouts Full call number Barcode Date last seen Copy number Price effective from Koha item type
    Dewey Decimal Classification     London London News article 05/11/2003   WB3942-16 124246-1001 06/08/2019 1 06/08/2019 News article